000 00568nam a2200193 a 4500
005 20210219152846.0
008 991125n 000 0 spa u
035 _aUPN01000063572
100 1 _aAlvarez Zayas, Carlos M
222 _aEDUCACION (CUBA)
245 _aAlgunos aspectos de la concepción científica del mundo en la enseñanza de la física elemental
300 _a98-106
362 0 _a1976 Año 6, no. 23, oct.-dic.
653 0 _aENSEÑANZA
653 0 _aFISICA
653 0 _aINVESTIGACION CIENTIFICA
904 _aAC
_b001383
905 _aArticulo
999 _c62197
_d62197